Category Theory

Guardado en:
Detalles Bibliográficos
Autor principal: Awodey, Steve (Autor)
Otros Autores: Macintyre, A. J. (Editor), Scott, D. S. (Editor)
Formato: Libro
Lenguaje:inglés
Publicado: New York: Oxford University Press, 2010
Edición:2. vyd.
Colección:Oxford logic guides 52
Etiquetas: Agregar Etiqueta
Sin Etiquetas, Sea el primero en etiquetar este registro!

MARC

LEADER 00000nam a22000003a 4500
001 0009933
003 SK-STU
005 20151208090946.3
007 ta
008 151208s ----xo-----e------000-0-----d
020 |a 978-0-19-958736-0 
040 |a STU  |b slo 
041 0 |a eng  |h eng 
044 |a xxu 
100 1 |a Awodey, Steve  |r Z6  |4 aut 
245 1 0 |a Category Theory 
250 |a 2. vyd. 
260 |a New York:  |b Oxford University Press,  |c 2010 
490 0 |a Oxford logic guides 52 
700 1 |a Macintyre, A. J.  |r Z6  |4 edt 
700 1 |a Scott, D. S.  |r Z6  |4 edt 
996 |c V* 52279/O-23436  |l VV11  |s P  |a 0  |w 0009933_0001